Difusión en metales

Bewaard in:
Bibliografische gegevens
Hoofdauteur: Bokshtein, B. S (Auteur)
Formaat: Boek
Taal:Spaans
Gepubliceerd in: Moscú Mir 1980
Onderwerpen:
Tags: Voeg label toe
Geen labels, Wees de eerste die dit record labelt!

MARC

LEADER 00000nam a2200000 a 4500
001 UCU1760
003 CL-VaPUC
008 960412e19800000ru |||||||||||||||||spa|d
082 0 4 |a 530.415  |b BOK  |2 21 
100 0 |a Bokshtein, B. S  |e author  |9 357504 
245 1 0 |a Difusión en metales 
300 |a 219 p 
942 |c BK 
945 |d 19960412 00:00:00  |a rleighto 
260 |a Moscú  |b Mir  |c 1980 
650 7 |a DIFUSION  |2 CL-VaPUC  |9 262085 
650 7 |a TEORIA DE LA DIFUSION  |2 CL-VaPUC  |9 357505 
650 0 |a Termodinámica   |9 259320 
650 0 |a Sólidos  |9 260188 
650 7 |a METALOGRAFIA  |2 CL-VaPUC  |9 271674 
650 0 |a Química física  |9 260596 
583 |a last modification  |c 20150423 05:20:54  |k Rodrigo Vera 
999 |c 246274  |d 246272 
952 |0 0  |1 0  |4 0  |6 530_415000000000000_BOK_1980  |7 0  |8 A  |9 261102  |a BIBCUR  |b BIBCUR  |d 2019-11-19  |i 318921K  |o 530.415 BOK 1980  |p 318921K  |r 2025-04-22  |w 2019-11-19  |y BK  |k BCB